000 00424 a2200121 4500
001 ART_10972
005 20260410161849.0
008 260409a
245 1 0 _aEvolución de ingresos y gastos públicos de la provincia de la provincia de Buenos Aires 1885-1979
100 1 _aPorto, Alberto
700 1 _aNúñez Miñana, Horacio
773 0 _tEconómica
_g- Año XXVIII, Nº 1/2 (ene./ago. 1982)
_wREV7541
999 _c24815
_d24815